000 00498nam a2200181Ia 4500
005 20250508152245.0
008 008 250505s9999 xx 000 0 eng d
037 _aTextual
040 _aFEDL
_beng
_cFEDL
041 _aeng
_2eng
084 _a420.7, GAU
_qFEDL
100 _aGauntlett J O
_991395
245 0 _aEnglish as a foreign language
260 _aLondon, UK
_bMacmillan and Co Ltd
_c1957
300 _axi,123p
942 _cTEXL
_h420.7, GAU
999 _c1335338
_d1335338